000 nam a22 a 4500
999 _c331
_d331
005 20170503114444.0
008 170503b1980 xxu||||| |||| 00| 0 eng d
020 _a0316928453
040 _aAKMAL
082 _219
_a001.64/2/023
100 _aWeinberg, Gerald M.
_9752
245 _aUnderstanding the professional programmer /
_cGerald M. Weinberg.
260 _aBoston
_b Little, Brown
_c c1982.
300 _ccm
490 _aLittle, Brown computer systems series
490 _a Computer people series
599 _aDALAM PROSES
650 _a Electronic data processing personnel.
_9753
650 _aComputer programmers.
_9754
852 _aBritish Library
_bDSC
942 _2ddc
_cBOOK